Aku ingin hidup : pengakuan sebenar bekas anggota pengganas komunis wanita dalam perjuangan yang sia-sia

Bibliographic Details
Main Author: Xiulan (Author)
Format: Book
Published: Petaling Jaya : Star Publications , 1983
Subjects:

MARC

LEADER 00000cam a2200000 7i4500
001 0000007096
005 20071117093000.0
008 021119n
050 0 0 |a HX400.6.A8   |b X58 
090 0 0 |a HX400.6.A8   |b X58 
100 0 |a Xiulan ,   |e author 
245 0 0 |a Aku ingin hidup :   |b pengakuan sebenar bekas anggota pengganas komunis wanita dalam perjuangan yang sia-sia   |c Xiulan 
260 2 |a Petaling Jaya :   |b Star Publications ,   |c 1983 
300 |a 190 ms. ; ;   |c 19 sm. 
650 0 |a Communism   |z Malaysia   |v Biography 
999 |a 1000027606   |b Book   |c OPEN SHELF (30 DAYS)   |e Gong Badak Campus